| 000 | 00726cam a22002415i 4500 | ||
|---|---|---|---|
| 001 | 18289454 | ||
| 003 | ARRUPE | ||
| 005 | 20160203151515.0 | ||
| 008 | 140904s2013 za 000 0 eng | ||
| 010 | _a 2013439995 | ||
| 020 | _a9789982228398 | ||
| 040 |
_aDLC _beng _cDLC _erda |
||
| 042 | _apcc | ||
| 050 | _aREF GN468.45E56 2013 | ||
| 100 |
_aChanda Penda (ed.) _921512 |
||
| 245 | 1 | 0 |
_aEncyclopedia of Zambian names : _breconciling zambian and global worldviews / _cedited by Chanda Penda. |
| 260 |
_aLusaka _bPansulo _c2013 |
||
| 300 |
_axxii, 466 p. ; _c25 cm. |
||
| 650 |
_aNames _zZambia _921513 |
||
| 906 |
_a0 _bibc _corigode _d3 _encip _f20 _gy-gencatlg |
||
| 942 |
_2lcc _cMONOGRAPH |
||
| 999 |
_c123942 _d123942 |
||